Jací jsme rovnostáři? : výdělky, příjmy a situace domácností v Česku v porovnání s Evropou /

Hlavní autor: Večerník, Jiří, 1941-
Další autoři: Mysíková, Martina
Jazyk: Čeština
Vydáno: Praha : Sociologický ústav AV ČR, v.v.i., 2017
Vydání: První vydání
Témata:
Fyzický popis: 114 stran : barevné ilustrace ; 21 cm
Language note: České a anglické resumé
Knihy
Uloženo v:
LEADER 02573nam a2200649 i 4500
001 nkc20182979898
003 CZ PrNK
005 20190108125511.0
007 ta
008 180213s2017 xr a f 000 0 cze
015 |a cnb002979898 
020 |a 978-80-7330-306-8  |q (brožováno) 
035 |a (OCoLC)1028232066 
040 |a OLA001  |b cze  |e rda 
041 0 |a cze  |b cze  |b eng 
043 |a e-xr---  |a e------ 
045 |a x9y1 
072 7 |a 316.33  |x Ekonomická sociologie. Sociologie institucí, lidských sídel a komunit  |2 Konspekt  |9 18 
080 |a 330.567.2  |2 MRF 
080 |a 331.2  |2 MRF 
080 |a 330.564.2  |2 MRF 
080 |a 364.614  |2 MRF 
080 |a (437.3)  |2 MRF 
080 |a (4)  |2 MRF 
080 |a (048.8)  |2 MRF 
100 1 |a Večerník, Jiří,  |d 1941-  |7 jk01141867  |4 aut 
245 1 0 |a Jací jsme rovnostáři? :  |b výdělky, příjmy a situace domácností v Česku v porovnání s Evropou /  |c Jiří Večerník a Martina Mysíková 
250 |a První vydání 
264 1 |a Praha :  |b Sociologický ústav AV ČR, v.v.i.,  |c 2017 
300 |a 114 stran :  |b barevné ilustrace ;  |c 21 cm 
336 |a text  |b txt  |2 rdacontent 
337 |a bez média  |b n  |2 rdamedia 
338 |a svazek  |b nc  |2 rdacarrier 
500 |a 100 výtisků 
504 |a Obsahuje bibliografii a bibliografické odkazy 
546 |a České a anglické resumé 
648 4 |a 1990-2017 
648 7 |a 20.-21. století  |7 ch462155  |2 czenas 
650 0 7 |a domácnosti  |7 ph119552  |z Česko  |y 20.-21. století  |2 czenas 
650 0 7 |a domácnosti  |7 ph119552  |z Evropa  |y 20.-21. století  |2 czenas 
650 0 7 |a mzdy  |7 ph123087  |z Česko  |y 20.-21. století  |2 czenas 
650 0 7 |a příjmy  |7 ph124928  |z Česko  |y 20.-21. století  |2 czenas 
650 0 7 |a sociální nerovnost  |7 ph125796  |z Česko  |y 20.-21. století  |2 czenas 
650 0 9 |a households  |z Czechia  |y 20th-21st centuries  |2 eczenas 
650 0 9 |a households  |z Europe  |y 20th-21st centuries  |2 eczenas 
650 0 9 |a wages  |z Czechia  |y 20th-21st centuries  |2 eczenas 
650 0 9 |a income  |z Czechia  |y 20th-21st centuries  |2 eczenas 
650 0 9 |a social inequality  |z Czechia  |y 20th-21st centuries  |2 eczenas 
655 7 |a monografie  |7 fd132842  |2 czenas 
655 9 |a monographs  |2 eczenas 
700 1 |a Mysíková, Martina  |7 mzk2016897331  |4 aut 
910 2 |a BOA001  |b 2-1404.005 
990 |a BK 
995 |a 01 
991 |b 201802  |c NOV 
996 6 |b 2610735713  |c 2-1404.005  |l MZK  |r Sklad / do 1 hodiny  |n 0  |p p.v.  |w 001652399  |u 000010  |a 1  |e BOA001  |j MZK50  |s P 
996 7 |b 2610737701  |c 2-1404.005  |l MZK  |r Sklad / do 1 hodiny  |n 4  |p dar  |w 001652399  |u 000020  |a 1  |e BOA001  |j MZK50  |s A